Normal view MARC view

Entry Personal Name

Number of records used in: 2

001 - CONTROL NUMBER

  • control field: 58944

003 - CONTROL NUMBER IDENTIFIER

  • control field: dpl

005 - DATE AND TIME OF LATEST TRANSACTION

  • control field: 20231121165939.0

008 - FIXED-LENGTH DATA ELEMENTS

  • fixed length control field: 231121|| aca||aabn | a|a d

040 ## - CATALOGING SOURCE

  • Original cataloging agency: dpl
  • Transcribing agency: dpl

100 ## - HEADING--PERSONAL NAME

  • Personal name: K.M., Manjula

670 ## - SOURCE DATA FOUND

  • Source citation: Work cat.: (dpl)193368: K.M., Manjula, Fissidentaceae(bryophyta) of the western ghats, India:, 2022

© Delhi Public Library
Hit Counter
free hit counter